Statystyki dla Losowe słowa w języku francuskim

Kliknij tutaj aby rozwiązać quiz!

Ogólne statystyki

  • Ten quiz został rozwiązany 385 razy
  • Średni wynik to 12 z 24

Statystyki odpowiedzi

francuskipolski% Poprawnych
Ouitak
94%
Blancbiały
77%
Noirczarny
75%
Femmekobieta
75%
Avecz
73%
Fromageser
72%
Maisondom
62%
Rougeczerwony
58%
Chienpies
57%
Fleurkwiat
55%
Jourdzień
54%
Nouveaunowy
54%
Eauwoda
53%
Villemiasto
47%
Poissonryba
41%
Filledziewczynka
40%
Semainetydzień
40%
Payskraj
37%
Têtegłowa
35%
Cœurserce
34%
Lacjezioro
32%
Guerrewojna
28%
Escargotślimak
25%
Anroku
5%

Rozkład punktacji

Percentyl według liczby udzielonych odpowiedzi

Procent ludzi z każdym wynikiem

Twoja historia wyników

Nie rozwiązałeś tego quizu